Central Library OPAC University of Rajshahi

An introduction to the rights and duties of women in Islam / (Record no. 74011)

MARC details
000 -LEADER
fixed length control field 00812nam a2200265 a 4500
001 - CONTROL NUMBER
control field 74011
003 - CONTROL NUMBER IDENTIFIER
rucl marc code BD-RjUL
005 - DATE AND TIME OF LATEST TRANSACTION
control field 20211209082456.0
008 - FIXED-LENGTH DATA ELEMENTS--GENERAL INFORMATION
fixed length control field 171221b ir ||||| |||| 000 0 eng d
020 ## - INTERNATIONAL STANDARD BOOK NUMBER
International Standard Book Number 9789645297228
035 ## - SYSTEM CONTROL NUMBER
System control number (BD-RjUL)74229
040 ## - CATALOGING SOURCE
Original cataloging agency BD-RjUL
Language of cataloging eng
Transcribing agency BD-RjUL
041 ## - LANGUAGE CODE
Language code of text/sound track or separate title eng
082 ## - DEWEY DECIMAL CLASSIFICATION NUMBER
Edition number 23
Classification number 297.082
Author mark and year AMI 2011
100 ## - MAIN ENTRY--PERSONAL NAME
Personal name Amini , Ibrahim
9 (RLIN) 219823
245 ## - TITLE STATEMENT
Title An introduction to the rights and duties of women in Islam /
Statement of responsibility, etc. Ibrāhīm Amīnī; Abuzar Ahmadi
260 ## - PUBLICATION, DISTRIBUTION, ETC. (IMPRINT)
Place of publication, distribution, etc. Iran :
Name of publisher, distributor, etc. ABWA ,
Date of publication, distribution, etc. 2011
300 ## - PHYSICAL DESCRIPTION
Pagination 244 P. ;
Size 22 cm.
504 ## - BIBLIOGRAPHY, ETC. NOTE
Bibliography, etc Includes Bibliography
650 ## - SUBJECT ADDED ENTRY--TOPICAL TERM
Topical term or geographic name as entry element Women in Islam.
9 (RLIN) 219824
Topical term or geographic name as entry element Women
Geographic subdivision Iran
Form subdivision Religious aspects.
9 (RLIN) 219825
Topical term or geographic name as entry element Women
Geographic subdivision Iran
Form subdivision Social conditions.
9 (RLIN) 219826
700 ## - ADDED ENTRY--PERSONAL NAME
Personal name Ahmadi , Abuzar
942 ## - ADDED ENTRY ELEMENTS (KOHA)
Source of classification or shelving scheme Dewey Decimal Classification
Koha item type Books
Holdings
Lost status Source of classification or shelving scheme Damaged status Not for loan Collection code Permanent Location Current Location Shelving location Date acquired Source of acquisition Total Checkouts Full call number Date last seen Copy number Koha item type
  Dewey Decimal Classification   Not For Loan Non-fiction Central Library, University of Rajshahi Central Library, University of Rajshahi Reading Room 06/05/2017 Republic of Iran Embassy   297.082 AMI 2011 21/12/2017 C-1 Books